000 00742nam a2200205 a 4500
001 BRCA_5586
005 20190320205136.0
008 210211s1944----mx-a######---#000-0#spa-#
041 _aspa
044 _amx
050 4 _aN7628.C6
_b.R66 1944
100 1 _aRomero de Terreros y Vinent, Manuel
_cMarqués de San Francisco
_d1880-1968
_9903
245 1 0 _aLos retratos de Hernán Cortés
_bestudio iconográfico
_cManuel Romero de Terreros.
260 _aMéxico
_bJosé Porrúa
_c1944
300 _a36 p.
_bil., 33 láminas
_c24 cm.
_erecorte de periódico de una nota escrita a doble columna por Manuel Romero de Terreros del año 1944
500 _aF61
600 1 4 _aCortés, Hernán
_d1485-1547
_xArte
_914240
902 _aGFM
942 _2lcc
_cB
999 _c5280
_d5280